Rozpoznaj narysowane przeze mnie państwa (wersja z pamięci) #2 - Statystyki

Ogólne statystyki
  • Ten quiz został rozwiązany 11 razy
  • Średni wynik to 10 z 16
Statystyki odpowiedzi
Obrazkowy Odpowiedź % Poprawnych
Indie
100%
Polska
100%
Izrael
80%
Maroko
80%
Haiti
70%
Holandia
70%
Nowa Zelandia
70%
Arabia Saudyjska
60%
Demokratyczna Republika Konga
60%
Ekwador
60%
Finlandia
60%
Brazylia
50%
Filipiny
50%
Wenezuela
50%
Węgry
40%
Serbia
30%
Nie znaleziono quizów pasujących do podanych kryteriów
Rozkład punktacji
Procent ludzi z każdym wynikiem
Percentyl według liczby udzielonych odpowiedzi
Twoja historia wyników
Nie rozwiązałeś tego quizu